<The> Phenomenon of Altruism: The Analysis of Altruistic Behavior in Dictator Game

Analýza altruistického správania a ľudského rozhodovania v diktátorskej hre. Online experiment s dvoma spôsobmi liečby - „Dajte“ a „Vezmite“ liečbu a následne analýza rozhodnutia diktátora. Rozdiely v rozhodovaní medzi liečebným rámcom, mužmi a ženami, ľuďmi s nízkym a vysokým príjmom a medzi ľuďmi,...

Celý popis

Uložené v:
Podrobná bibliografia
Hlavný autor: Sirakovová, Eva, 1994-
Médium: Kapitola
Jazyk:English
Predmet:
Tagy: Pridať tag
Žiadne tagy, Buďte prvý, kto otaguje tento záznam!

MARC

LEADER 00000naa$a2200000$$$4500
001 0272527
005 20240717110657.7
041 0 |a eng 
044 |a SK 
245 1 0 |a <The> Phenomenon of Altruism: The Analysis of Altruistic Behavior in Dictator Game  |c Eva Sirakovová 
520 |a Analýza altruistického správania a ľudského rozhodovania v diktátorskej hre. Online experiment s dvoma spôsobmi liečby - „Dajte“ a „Vezmite“ liečbu a následne analýza rozhodnutia diktátora. Rozdiely v rozhodovaní medzi liečebným rámcom, mužmi a ženami, ľuďmi s nízkym a vysokým príjmom a medzi ľuďmi, ktorí mali skúsenosti s charitatívnymi aktivitami, a ľuďmi, ktorí tak neurobili. Ženy sú altruistickejšie než muži a ľudia pôsobiaci v charite. 
610 2 0 |a altruizmus 
610 2 0 |a diktatúra 
610 2 0 |a muži 
610 2 0 |a ženy 
610 2 0 |a ekonómia behaviorálna 
610 2 0 |a rozhodovanie 
100 1 |a Sirakovová, Eva, 1994-